000 00296nam a22001337a 4500
008 170627b xxu||||| |||| 00| 0 eng d
020 _a1878397178
041 _aeng
080 _a32
100 _a21
101 _aSHP
245 _aRESOLVING THIRD WORLD CONFLICT
_cBROWN,SH,J
942 _2udc
_cBK
999 _c19161
_d19161